00487nam a22001337a 4500003000500000038001800005082000800023100001700031245015000048264003500198650003100233700003200264856005700296NUST aNusrat Nadeem a200 aNaseer, Aqsa aLMBT-Net: A Lightweight MobileNet-Based Framework for Brain Tumor Classification via Knowledge Distillation and Model Compression/cAqsa Naseer,  aIslamabad:bSEECS NUST.c2025. aMS-Information Technology  aSupervisor: Dr. Shah Khalid uhttp://10.250.8.41:8080/xmlui/handle/123456789/55585